[Event "7. Open de Sants Hostafrancs"]
[Site "Barcelona ESP"]
[Date "2005.08.28"]
[Round "2.8"]
[White "Lamastus Candal, Jean Paul"]
[Black "Megaranto, Susanto"]
[Result "0-1"]
[WhiteElo "2126"]
[BlackElo "2499"]
[PlyCount "108"]
[EventDate "2005.08.27"]
[EventType "swiss"]
[EventRounds "10"]
[EventCountry "ESP"]
[Source "lmi"]
[SourceDate "2005.08.30"]

1. e4 c6 2. d4 d5 3. f3 e6 4. Nc3 Bb4 5. Nge2 b6 6. a3 Bxc3+ 7. Nxc3 Ba6 8.
Bxa6 Nxa6 9. Qe2 Nc7 10. Bf4 Ne7 11. Rd1 O-O 12. O-O Qd7 13. Rfe1 Nb5 14. Nxb5
cxb5 15. Rd3 Rac8 16. Qd2 Rc4 17. Rc3 Rxc3 18. Qxc3 Rc8 19. Qd2 Nc6 20. c3 dxe4
21. fxe4 e5 22. Be3 Na5 23. Rd1 Nc4 24. Qe2 Qe6 25. Bf2 Re8 26. d5 Qg6 27. Bg3
Nd6 28. Re1 f6 29. Qd3 Rc8 30. b3 Qf7 31. Bf2 Qc7 32. Rc1 a5 33. Qe3 a4 34.
bxa4 bxa4 35. Qxb6 Qxb6 36. Bxb6 Nc4 37. Bf2 Nxa3 38. Kf1 Nc4 39. Ke2 a3 40.
Kd3 Kf7 41. Rb1 Ke8 42. h3 Nb2+ 43. Kc2 Na4 44. Be1 Nc5 45. Ra1 Ra8 46. c4 Ra4
47. Kc3 Nxe4+ 48. Kb3 Nc5+ 49. Kc3 Kd7 50. Bf2 Kd6 51. Bxc5+ Kxc5 52. Kb3 Rb4+
53. Kxa3 Rxc4 54. Kb3 Kxd5 0-1

[Event "7. Open de Sants Hostafrancs"]
[Site "Barcelona ESP"]
[Date "2005.08.28"]
[Round "2.9"]
[White "Gonzalez, Yuri"]
[Black "Alfara Ayllon, Jose Luis"]
[Result "1-0"]
[WhiteElo "2495"]
[BlackElo "2125"]
[PlyCount "39"]
[EventDate "2005.08.27"]
[EventType "swiss"]
[EventRounds "10"]
[EventCountry "ESP"]
[Source "lmi"]
[SourceDate "2005.08.30"]

1. e4 c5 2. Nf3 d6 3. d4 cxd4 4. Nxd4 Nf6 5. Nc3 a6 6. Be2 e6 7. Be3 Be7 8. Qd2
Qc7 9. O-O-O b5 10. a3 Bb7 11. f3 Nc6 12. Ndxb5 axb5 13. Nxb5 Qd8 14. Nxd6+
Qxd6 15. Qxd6 Bxd6 16. Rxd6 Rd8 17. Rhd1 Rxd6 18. Rxd6 Nd7 19. Bb5 Ncb8 20. Rb6
1-0

[Event "7. Open de Sants Hostafrancs"]
[Site "Barcelona ESP"]
[Date "2005.08.28"]
[Round "2.11"]
[White "Grigore, George Gabriel"]
[Black "Ridameya Tatche, Jose"]
[Result "1-0"]
[WhiteElo "2479"]
[BlackElo "2120"]
[PlyCount "53"]
[EventDate "2005.08.27"]
[EventType "swiss"]
[EventRounds "10"]
[EventCountry "ESP"]
[Source "lmi"]
[SourceDate "2005.08.30"]

1. d4 d5 2. c4 c6 3. Nc3 Nf6 4. cxd5 cxd5 5. Bf4 Nc6 6. e3 Bf5 7. Bb5 a6 8.
Bxc6+ bxc6 9. Nf3 Qb6 10. Qb3 Qxb3 11. axb3 e6 12. O-O Nd7 13. Ra2 Bb4 14. Rfa1
Bxc3 15. Rxa6 Rxa6 16. Rxa6 Bxb2 17. Ra8+ Ke7 18. Rxh8 e5 19. Nxe5 Nxe5 20.
Bxe5 c5 21. Rb8 f6 22. Rb7+ Ke8 23. Bd6 cxd4 24. exd4 Bxd4 25. b4 Bc3 26. b5 d4
27. Re7+ 1-0

[Event "7. Open de Sants Hostafrancs"]
[Site "Barcelona ESP"]
[Date "2005.08.28"]
[Round "2.12"]
[White "Llerins Bonet, Ricard"]
[Black "Gonzalez Garcia, Jose"]
[Result "0-1"]
[WhiteElo "2120"]
[BlackElo "2478"]
[PlyCount "36"]
[EventDate "2005.08.27"]
[EventType "swiss"]
[EventRounds "10"]
[EventCountry "ESP"]
[Source "lmi"]
[SourceDate "2005.08.30"]

1. e4 e6 2. d4 d5 3. e5 c5 4. c3 Nc6 5. Be3 Nge7 6. Nf3 Nf5 7. Bd3 cxd4 8. cxd4
Qb6 9. Qd2 Bd7 10. Bxf5 exf5 11. Nc3 Be6 12. O-O h6 13. Rac1 g6 14. g3 Rg8 15.
Kh1 O-O-O 16. Na4 Qa6 17. Nc5 Bxc5 18. Rxc5 Qxf1+ 0-1

[Event "7. Open de Sants Hostafrancs"]
[Site "Barcelona ESP"]
[Date "2005.08.28"]
[Round "2.13"]
[White "Al Sayed, Mohamad Naser"]
[Black "Galino Lopez, Jorge"]
[Result "1-0"]
[WhiteElo "2478"]
[BlackElo "2118"]
[PlyCount "67"]
[EventDate "2005.08.27"]
[EventType "swiss"]
[EventRounds "10"]
[EventCountry "ESP"]
[Source "lmi"]
[SourceDate "2005.08.30"]

1. d4 Nf6 2. c4 g6 3. g3 Bg7 4. Bg2 O-O 5. Nf3 d6 6. O-O a6 7. Nc3 Nbd7 8. h3
Rb8 9. e4 c5 10. e5 Ne8 11. dxc5 dxe5 12. Be3 Nef6 13. b4 Qc7 14. Qb3 Kh8 15.
Rac1 Ng8 16. Rfd1 f5 17. Nd5 Qd8 18. Ng5 f4 19. gxf4 exf4 20. Nxf4 Qe8 21. Nge6
Rf5 22. Nxg7 Kxg7 23. Ne6+ Kh8 24. Qc3+ Ndf6 25. Rd8 Bxe6 26. Rxe8 Rxe8 27.
Bxb7 Rh5 28. b5 axb5 29. cxb5 Rxh3 30. Bg2 Rh5 31. b6 Bd5 32. Bxd5 Rxd5 33. c6
e5 34. c7 1-0

[Event "7. Open de Sants Hostafrancs"]
[Site "Barcelona ESP"]
[Date "2005.08.28"]
[Round "2.14"]
[White "Christensen, Esben"]
[Black "Narciso Dublan, Marc"]
[Result "0-1"]
[WhiteElo "2117"]
[BlackElo "2476"]
[PlyCount "106"]
[EventDate "2005.08.27"]
[EventType "swiss"]
[EventRounds "10"]
[EventCountry "ESP"]
[Source "lmi"]
[SourceDate "2005.08.30"]

1. e4 d5 2. exd5 Qxd5 3. Nc3 Qa5 4. Nf3 Nf6 5. h3 c6 6. Bc4 b5 7. Bb3 Nbd7 8.
Ng5 e6 9. Nge4 Bb7 10. Qe2 b4 11. Nxf6+ gxf6 12. Ne4 Rg8 13. f4 Qf5 14. d3 Qg6
15. Rg1 f5 16. Nf2 Qg3 17. Be3 Bd6 18. Qd2 Nf6 19. O-O-O Nh5 20. Nh1 Qxe3 21.
Qxe3 Bxf4 22. Rde1 c5 23. g4 fxg4 24. hxg4 Rg5 25. Nf2 Bxe3+ 26. Rxe3 Nf6 27.
Reg3 h6 28. Nh3 Rg8 29. g5 hxg5 30. Rxg5 Rxg5 31. Rxg5 Rc8 32. Nf4 Ba6 33. Ba4+
Ke7 34. Rg7 Rg8 35. Rxg8 Nxg8 36. Bc6 Kd6 37. Be8 Nh6 38. Kd2 Bb7 39. c3 bxc3+
40. bxc3 e5 41. Ne2 f5 42. d4 f4 43. dxe5+ Kxe5 44. Bb5 Bd5 45. a3 Nf5 46. Ng1
Nd6 47. Be2 Ne4+ 48. Kd3 c4+ 49. Kc2 Ng5 50. Kd2 f3 51. Bf1 Kf4 52. Nh3+ Nxh3
53. Bxh3 Kg3 0-1

[Event "7. Open de Sants Hostafrancs"]
[Site "Barcelona ESP"]
[Date "2005.08.28"]
[Round "2.15"]
[White "Borges Mateos, Juan"]
[Black "Montes Gutierrez, Ignacio"]
[Result "1-0"]
[WhiteElo "2467"]
[BlackElo "2114"]
[PlyCount "63"]
[EventDate "2005.08.27"]
[EventType "swiss"]
[EventRounds "10"]
[EventCountry "ESP"]
[Source "lmi"]
[SourceDate "2005.08.30"]

1. Nf3 Nf6 2. c4 e6 3. g3 b6 4. Bg2 Bb7 5. O-O d5 6. cxd5 exd5 7. Nc3 Be7 8. d4
O-O 9. Ne5 c5 10. Bf4 Na6 11. Rc1 Re8 12. Qa4 Nc7 13. Rfd1 Ne6 14. dxc5 Nxc5
15. Qc2 Bd6 16. Nd3 Nce4 17. Bxd6 Qxd6 18. Nb5 Qe7 19. Nc7 Rac8 20. Nxe8 Rxc2
21. Nxf6+ Nxf6 22. Rxc2 g5 23. Nc1 Kg7 24. Nb3 Kg6 25. Nd4 a5 26. Rdc1 Ba6 27.
b3 Qe5 28. e3 Qd6 29. a4 h6 30. h3 Bd3 31. Rc6 Qb4 32. Bxd5 1-0

[Event "7. Open de Sants Hostafrancs"]
[Site "Barcelona ESP"]
[Date "2005.08.28"]
[Round "2.16"]
[White "Gonzalez Valenzuela, Didac"]
[Black "Almeida, Omar"]
[Result "0-1"]
[WhiteElo "2112"]
[BlackElo "2462"]
[PlyCount "60"]
[EventDate "2005.08.27"]
[EventType "swiss"]
[EventRounds "10"]
[EventCountry "ESP"]
[Source "lmi"]
[SourceDate "2005.08.30"]

1. d4 Nf6 2. c4 c5 3. d5 e6 4. Nc3 exd5 5. cxd5 d6 6. e4 a6 7. a4 g6 8. Bd3 Bg7
9. Nge2 O-O 10. O-O Nbd7 11. Bg5 Qc7 12. Rc1 Re8 13. Ng3 Rb8 14. b4 c4 15. Be2
b5 16. axb5 axb5 17. Be3 h5 18. h4 Nh7 19. Bxh5 Qd8 20. Bf3 Qxh4 21. Nge2 Ne5
22. Nd4 Bg4 23. Bxg4 Nxg4 24. Nf3 Nxe3 25. fxe3 Qh6 26. Qd2 Bxc3 27. Rxc3 Rxe4
28. Qf2 f5 29. Nd4 Ng5 30. Ra1 Rh4 0-1

[Event "7. Open de Sants Hostafrancs"]
[Site "Barcelona ESP"]
[Date "2005.08.28"]
[Round "2.17"]
[White "Handke, Florian"]
[Black "Castells Briones, Miguel"]
[Result "1-0"]
[WhiteElo "2460"]
[BlackElo "2101"]
[PlyCount "46"]
[EventDate "2005.08.27"]
[EventType "swiss"]
[EventRounds "10"]
[EventCountry "ESP"]
[Source "lmi"]
[SourceDate "2005.08.30"]

1. e4 e6 2. d4 d5 3. Nc3 Bb4 4. Bd3 dxe4 5. Bxe4 Nf6 6. Bf3 c5 7. a3 Bxc3+ 8.
bxc3 Qc7 9. Ne2 Nc6 10. Bf4 e5 11. Bxc6+ Qxc6 12. Bxe5 O-O 13. O-O Bg4 14. f3
Bd7 15. Bxf6 Qxf6 16. Rb1 Rab8 17. d5 Qa6 18. Ng3 Rfd8 19. Ne4 b6 20. Qd2 h6
21. Qf4 Ba4 22. Nxc5 Qa5 23. Nxa4 Rbc8 1-0

[Event "7. Open de Sants Hostafrancs"]
[Site "Barcelona ESP"]
[Date "2005.08.28"]
[Round "2.18"]
[White "Nederveld, Dieter"]
[Black "Fluvia Poyatos, Joan"]
[Result "0-1"]
[WhiteElo "2098"]
[BlackElo "2458"]
[PlyCount "78"]
[EventDate "2005.08.27"]
[EventType "swiss"]
[EventRounds "10"]
[EventCountry "ESP"]
[Source "lmi"]
[SourceDate "2005.08.30"]

1. d4 Nf6 2. Bg5 Ne4 3. Bf4 c5 4. f3 Qa5+ 5. c3 Nf6 6. e3 Nd5 7. Bxb8 Rxb8 8.
Qd2 cxd4 9. exd4 e6 10. Bc4 b6 11. Ne2 Ba6 12. Bxa6 Qxa6 13. O-O Bd6 14. f4 f5
15. Rf3 O-O 16. Nc1 b5 17. Nd3 Rfc8 18. b4 Qc6 19. Nc5 a5 20. a3 Ra8 21. Ra2
Ra7 22. Rc2 Rca8 23. Rc1 Nb6 24. Qe2 Qd5 25. Qd3 Nc4 26. h3 axb4 27. cxb4 Nxa3
28. Nxd7 Rxd7 29. Nxa3 Rb8 30. Rb1 Be7 31. Nc2 Bf6 32. Re3 Rc8 33. Kh2 Rc4 34.
Rd1 Kf7 35. Qe2 Qd6 36. Rf1 g6 37. g3 Qc6 38. Na3 Rcxd4 39. Qxb5 Rd2+ 0-1

[Event "7. Open de Sants Hostafrancs"]
[Site "Barcelona ESP"]
[Date "2005.08.28"]
[Round "2.19"]
[White "Fluvia Poyatos, Jordi"]
[Black "Perez de Miguel, Alvaro"]
[Result "1-0"]
[WhiteElo "2443"]
[BlackElo "2097"]
[PlyCount "104"]
[EventDate "2005.08.27"]
[EventType "swiss"]
[EventRounds "10"]
[EventCountry "ESP"]
[Source "lmi"]
[SourceDate "2005.08.30"]

1. e4 c6 2. d4 d5 3. e5 Bf5 4. Be3 e6 5. Nd2 Nd7 6. Ngf3 Ne7 7. Nh4 Bg6 8. Be2
c5 9. c3 Nc6 10. Nxg6 hxg6 11. a3 a5 12. O-O Be7 13. f4 cxd4 14. cxd4 Qb6 15.
Nf3 a4 16. Rb1 O-O 17. Qe1 Na5 18. Ng5 Bxg5 19. fxg5 Nxe5 20. Qh4 Qb3 21. Bf4
Qc2 22. Bxe5 Qxe2 23. Rf3 Qe4 24. Qxe4 dxe4 25. Rf4 Nc4 26. Rc1 Nxe5 27. dxe5
Rac8 28. Rxc8 Rxc8 29. Rxe4 Rc1+ 30. Kf2 Rc2+ 31. Re2 Rc5 32. Kf3 Kf8 33. h4
Ke7 34. g4 f6 35. gxf6+ gxf6 36. exf6+ Kxf6 37. g5+ Kf5 38. Kg3 Rd5 39. Rf2+
Ke5 40. Rf4 b5 41. Kg4 Rd2 42. Rb4 Rd5 43. b3 axb3 44. Rxb3 Rd4+ 45. Kg3 Rd5
46. Re3+ Kf5 47. Rf3+ Ke5 48. h5 gxh5 49. Kh4 Ke4 50. Rf1 Rd3 51. g6 Rxa3 52.
g7 Ra2 1-0

[Event "7. Open de Sants Hostafrancs"]
[Site "Barcelona ESP"]
[Date "2005.08.28"]
[Round "2.20"]
[White "Perez Calahorra, Ricardo"]
[Black "Ledger, Andrew"]
[Result "0-1"]
[WhiteElo "2093"]
[BlackElo "2438"]
[PlyCount "84"]
[EventDate "2005.08.27"]
[EventType "swiss"]
[EventRounds "10"]
[EventCountry "ESP"]
[Source "lmi"]
[SourceDate "2005.08.30"]

1. d4 d5 2. c3 Nf6 3. Bf4 e6 4. Nd2 Bd6 5. Bg5 c5 6. e3 Nc6 7. Ngf3 O-O 8. Bd3
e5 9. dxe5 Nxe5 10. Nxe5 Bxe5 11. Nf3 Bc7 12. Qc2 h6 13. Bh4 Qe7 14. Bf5 Bxf5
15. Qxf5 Qe6 16. Qd3 Rad8 17. O-O g5 18. Bg3 Bxg3 19. hxg3 Ne4 20. a3 b6 21.
Rad1 Rd6 22. Qe2 Rfd8 23. Rfe1 f5 24. Rd3 Kg7 25. Red1 Kg6 26. Qc2 h5 27. Kf1
Kh6 28. Ng1 c4 29. Rd4 Nc5 30. Re1 Nb3 31. Rdd1 Qe7 32. Qe2 g4 33. Rb1 b5 34.
Red1 Kg7 35. Qe1 Rh8 36. Ne2 Rdh6 37. Kg1 h4 38. gxh4 Rxh4 39. Ng3 Rh2 40. Qf1
Qe5 41. f4 Qxe3+ 42. Qf2 Rh1+ 0-1

[Event "7. Open de Sants Hostafrancs"]
[Site "Barcelona ESP"]
[Date "2005.08.28"]
[Round "3.1"]
[White "Al Modiahki, Mohamad"]
[Black "Purnama, Tirta Chandra"]
[Result "0-1"]
[WhiteElo "2570"]
[BlackElo "2337"]
[PlyCount "46"]
[EventDate "2005.08.27"]
[EventType "swiss"]
[EventRounds "10"]
[EventCountry "ESP"]
[Source "lmi"]
[SourceDate "2005.08.30"]

1. e4 e5 2. Nf3 Nc6 3. Bb5 a6 4. Ba4 Nf6 5. O-O Be7 6. Re1 b5 7. Bb3 d6 8. c3
O-O 9. h3 Na5 10. Bc2 c5 11. d4 Qc7 12. Nbd2 Bd7 13. d5 c4 14. Nf1 Nb7 15. Ng3
Nc5 16. Nh2 Rfe8 17. f4 Rab8 18. fxe5 dxe5 19. Rf1 b4 20. Bd2 b3 21. axb3 cxb3
22. Bb1 Na4 23. Qc1 Nc5 0-1

[Event "7. Open de Sants Hostafrancs"]
[Site "Barcelona ESP"]
[Date "2005.08.28"]
[Round "3.2"]
[White "Fernandez Aguado, Enrique"]
[Black "Peralta, Fernando"]
[Result "0-1"]
[WhiteElo "2356"]
[BlackElo "2553"]
[PlyCount "44"]
[EventDate "2005.08.27"]
[EventType "swiss"]
[EventRounds "10"]
[EventCountry "ESP"]
[Source "lmi"]
[SourceDate "2005.08.30"]

1. c4 c6 2. Nc3 d5 3. e3 e5 4. d4 exd4 5. Qxd4 Nf6 6. Nf3 Bd6 7. Bd2 Be6 8.
cxd5 cxd5 9. Bb5+ Nc6 10. e4 dxe4 11. Nxe4 Be7 12. Neg5 Bd5 13. O-O h6 14. Rfe1
hxg5 15. Rxe7+ Kxe7 16. Bxc6 bxc6 17. Bb4+ Kd7 18. Rc1 Re8 19. Ne5+ Kc8 20.
Nxc6 Bxc6 21. Rxc6+ Kb7 22. Rd6 Qxd6 0-1

[Event "7. Open de Sants Hostafrancs"]
[Site "Barcelona ESP"]
[Date "2005.08.28"]
[Round "3.3"]
[White "Aloma Vidal, Robert"]
[Black "Moskalenko, Viktor"]
[Result "1/2-1/2"]
[WhiteElo "2350"]
[BlackElo "2534"]
[PlyCount "85"]
[EventDate "2005.08.27"]
[EventType "swiss"]
[EventRounds "10"]
[EventCountry "ESP"]
[Source "lmi"]
[SourceDate "2005.08.30"]

1. d4 g6 2. c4 Bg7 3. Nc3 d6 4. e4 e5 5. dxe5 dxe5 6. Qxd8+ Kxd8 7. f4 Bh6 8.
g3 f6 9. Bd2 c6 10. O-O-O Kc7 11. Nf3 Bg4 12. Be2 Nd7 13. h3 Bxf3 14. Bxf3 Ne7
15. Kc2 exf4 16. gxf4 g5 17. Bg4 Rad8 18. Bxd7 Rxd7 19. f5 Re8 20. h4 Ng8 21.
hxg5 fxg5 22. Rdg1 Kd6 23. Rh5 Ke5 24. Be1 Kf6 25. Bg3 a6 26. Rf1 Rde7 27. Rfh1
Kg7 28. e5 Rxe5 29. Bxe5+ Rxe5 30. f6+ Kxf6 31. Rxh6+ Nxh6 32. Rxh6+ Kg7 33.
Rh1 Kg6 34. Kd3 h5 35. Kd4 Rf5 36. Ne4 g4 37. b4 a5 38. Nd6 Rf6 39. Ne4 Rf5 40.
Nd6 Rf6 41. Ne4 Rf5 42. Nd6 Rf6 43. Ne4 1/2-1/2

[Event "7. Open de Sants Hostafrancs"]
[Site "Barcelona ESP"]
[Date "2005.08.28"]
[Round "3.4"]
[White "Lopez Gracia, Fernando"]
[Black "Levin, Felix"]
[Result "0-1"]
[WhiteElo "2323"]
[BlackElo "2501"]
[PlyCount "70"]
[EventDate "2005.08.27"]
[EventType "swiss"]
[EventRounds "10"]
[EventCountry "ESP"]
[Source "lmi"]
[SourceDate "2005.08.30"]

1. e4 c6 2. d4 d5 3. Nc3 dxe4 4. Nxe4 Bf5 5. Ng3 Bg6 6. h4 h6 7. Nf3 Nd7 8. h5
Bh7 9. Bd3 Bxd3 10. Qxd3 e6 11. Bf4 Qa5+ 12. Bd2 Bb4 13. c3 Be7 14. O-O Ngf6
15. c4 Qd8 16. Rfe1 O-O 17. Rad1 a5 18. Qe2 Bb4 19. Ne5 Qc7 20. a3 Bxd2 21.
Rxd2 a4 22. Rd3 Rad8 23. Qd1 Qa5 24. c5 Nxe5 25. Rxe5 Qb5 26. Ne4 Nxe4 27. Rxe4
Qxb2 28. Rg3 Rd5 29. Reg4 Kh8 30. Rxg7 Qxd4 31. Qxd4 Rxd4 32. R7g4 Rfd8 33. Rg7
Rf4 34. R3g4 Rf5 35. Kf1 Rf8 0-1

[Event "7. Open de Sants Hostafrancs"]
[Site "Barcelona ESP"]
[Date "2005.08.28"]
[Round "3.5"]
[White "Megaranto, Susanto"]
[Black "Alsina Leal, Daniel"]
[Result "1/2-1/2"]
[WhiteElo "2499"]
[BlackElo "2322"]
[PlyCount "144"]
[EventDate "2005.08.27"]
[EventType "swiss"]
[EventRounds "10"]
[EventCountry "ESP"]
[Source "lmi"]
[SourceDate "2005.08.30"]

1. e4 c5 2. Nf3 Nc6 3. d4 cxd4 4. Nxd4 Nf6 5. Nc3 e5 6. Ndb5 d6 7. Bg5 a6 8.
Na3 b5 9. Nd5 Be7 10. Bxf6 Bxf6 11. c3 O-O 12. Nc2 Bg5 13. a4 bxa4 14. Rxa4 a5
15. Bc4 Rb8 16. Ra2 Kh8 17. O-O f5 18. exf5 Bxf5 19. Nce3 Bg6 20. Qa4 Bxe3 21.
Nxe3 Be8 22. Qa3 Bh5 23. b3 Qf6 24. Rd2 Rfd8 25. Bd5 Ne7 26. Qxa5 Nxd5 27. Nxd5
Qg5 28. Ne3 Bf3 29. Rb2 d5 30. Kh1 Be4 31. Re1 Qh4 32. Nf1 Bd3 33. Qc7 Qg5 34.
Ng3 e4 35. f3 Rbc8 36. Qa5 exf3 37. gxf3 Qf6 38. Kg2 Qxc3 39. Qxc3 Rxc3 40. b4
Rc6 41. Re7 d4 42. Kf2 Bg6 43. b5 Rb6 44. h4 d3 45. Ke3 h6 46. Re5 Re8 47. f4
Rxe5+ 48. fxe5 Be8 49. Kxd3 Rxb5 50. Rxb5 Bxb5+ 51. Kd4 Kg8 52. Kc5 Ba4 53. e6
Kf8 54. Kd6 g6 55. Ne4 Kg7 56. Ke5 g5 57. h5 Bd1 58. Nf6 Ba4 59. Nd7 Bd1 60.
Nf6 Ba4 61. Ng4 Be8 62. Ne3 Bxh5 63. Nf5+ Kh7 64. Kf6 g4 65. e7 Be8 66. Ng7 Ba4
67. Nf5 h5 68. Kg5 g3 69. Nxg3 Kg7 70. Nf5+ Kf7 71. Kxh5 Bd7 72. Nd4 Kxe7
1/2-1/2

[Event "7. Open de Sants Hostafrancs"]
[Site "Barcelona ESP"]
[Date "2005.08.28"]
[Round "3.6"]
[White "Halay, Taufik"]
[Black "Gonzalez, Yuri"]
[Result "1-0"]
[WhiteElo "2320"]
[BlackElo "2495"]
[PlyCount "51"]
[EventDate "2005.08.27"]
[EventType "swiss"]
[EventRounds "10"]
[EventCountry "ESP"]
[Source "lmi"]
[SourceDate "2005.08.30"]

1. d4 Nf6 2. c4 e6 3. Nf3 b6 4. a3 Ba6 5. Qa4 Bb7 6. Nc3 c5 7. Bf4 a6 8. Rd1
cxd4 9. Rxd4 Be7 10. e3 Nc6 11. Rd2 Nh5 12. Bg3 f5 13. Be2 Nxg3 14. hxg3 Bf6
15. Qc2 Rc8 16. e4 g6 17. exf5 gxf5 18. g4 fxg4 19. Ne4 d5 20. cxd5 Ne5 21.
Qa4+ b5 22. Bxb5+ axb5 23. Qxb5+ Kf8 24. Nxe5 Bxe5 25. Qxb7 Rc1+ 26. Ke2 1-0

[Event "7. Open de Sants Hostafrancs"]
[Site "Barcelona ESP"]
[Date "2005.08.28"]
[Round "3.8"]
[White "Ayza Ballester, Jordi"]
[Black "Grigore, George Gabriel"]
[Result "0-1"]
[WhiteElo "2300"]
[BlackElo "2479"]
[PlyCount "66"]
[EventDate "2005.08.27"]
[EventType "swiss"]
[EventRounds "10"]
[EventCountry "ESP"]
[Source "lmi"]
[SourceDate "2005.08.30"]

1. e4 c5 2. Nf3 Nc6 3. d4 cxd4 4. Nxd4 e5 5. Nb5 d6 6. c4 Be7 7. Be2 Nf6 8.
N1c3 a6 9. Na3 Nd4 10. O-O O-O 11. Be3 Nxe2+ 12. Qxe2 Be6 13. Bg5 Nxe4 14. Qxe4
Bxg5 15. Qxb7 Qa5 16. Qf3 Rab8 17. Rab1 f5 18. Rfd1 e4 19. Qe2 Qe5 20. g3 Rbe8
21. Re1 Bc8 22. Nc2 Bb7 23. Ne3 f4 24. Ned5 Bxd5 25. Nxd5 f3 26. Qf1 Bd2 27.
Red1 e3 28. Nxe3 Bxe3 29. fxe3 f2+ 30. Kh1 Qxe3 31. Qg2 Qe1+ 32. Qf1 Qe4+ 33.
Qg2 Qxb1 0-1

[Event "7. Open de Sants Hostafrancs"]
[Site "Barcelona ESP"]
[Date "2005.08.28"]
[Round "3.9"]
[White "Gonzalez Garcia, Jose"]
[Black "Ashton, Adam"]
[Result "1-0"]
[WhiteElo "2478"]
[BlackElo "2294"]
[PlyCount "57"]
[EventDate "2005.08.27"]
[EventType "swiss"]
[EventRounds "10"]
[EventCountry "ESP"]
[Source "lmi"]
[SourceDate "2005.08.30"]

1. d4 d5 2. c4 e6 3. Nc3 c6 4. e3 Nf6 5. Nf3 Nbd7 6. Qc2 Bd6 7. Be2 dxc4 8.
Bxc4 b5 9. Be2 Bb7 10. O-O O-O 11. Rd1 Qe7 12. e4 e5 13. dxe5 Nxe5 14. Nd4 Neg4
15. Bxg4 Nxg4 16. h3 Bh2+ 17. Kh1 Bb8 18. Nf5 Qc7 19. f4 Nf6 20. e5 Nd7 21.
Nxb5 Qb6 22. Nc3 Rd8 23. Be3 c5 24. b4 Bc7 25. Nd5 Bxd5 26. Ne7+ Kh8 27. Nxd5
Qb7 28. Nxc7 Qxc7 29. bxc5 1-0

[Event "7. Open de Sants Hostafrancs"]
[Site "Barcelona ESP"]
[Date "2005.08.28"]
[Round "3.10"]
[White "Montilla Carrillo, Esteban"]
[Black "Al Sayed, Mohamad Naser"]
[Result "0-1"]
[WhiteElo "2277"]
[BlackElo "2478"]
[PlyCount "112"]
[EventDate "2005.08.27"]
[EventType "swiss"]
[EventRounds "10"]
[EventCountry "ESP"]
[Source "lmi"]
[SourceDate "2005.08.30"]

1. c4 Nf6 2. Nc3 g6 3. g3 Bg7 4. Bg2 O-O 5. e4 d6 6. Nge2 c5 7. d3 Nc6 8. O-O
Ne8 9. Bg5 Nc7 10. Qd2 Rb8 11. Bh6 Bxh6 12. Qxh6 b5 13. Qd2 bxc4 14. dxc4 Ne6
15. f4 Ned4 16. b3 Qa5 17. Rad1 Bg4 18. Nxd4 cxd4 19. Ne2 Qxd2 20. Rxd2 Bxe2
21. Rxe2 e5 22. Bh3 Kg7 23. f5 gxf5 24. Bxf5 a5 25. Rb2 Nb4 26. Rd1 Na6 27.
Rdb1 Rb7 28. a3 Rfb8 29. Kf1 Nc5 30. b4 Na4 31. Rb3 Nc3 32. R1b2 Nd1 33. Rb1
Ne3+ 34. Ke2 Nxc4 35. Kd3 d5 36. exd5 Nd6 37. g4 a4 38. R3b2 Rc7 39. Rc2 e4+
40. Bxe4 Rxc2 41. Kxc2 Nxe4 42. Kd3 Nc3 43. Ra1 Nb5 44. Kc4 Kf6 45. Kc5 Ke5 46.
Re1+ Kf4 47. d6 d3 48. d7 d2 49. Rd1 Ke3 50. d8=Q Rxd8 51. Kxb5 Ke2 52. Rb1
d1=Q 53. Rxd1 Kxd1 54. Kxa4 Kc2 55. b5 Kc3 56. b6 Kc4 0-1

[Event "7. Open de Sants Hostafrancs"]
[Site "Barcelona ESP"]
[Date "2005.08.28"]
[Round "3.11"]
[White "Narciso Dublan, Marc"]
[Black "Randazzo, Adrian"]
[Result "1-0"]
[WhiteElo "2476"]
[BlackElo "2262"]
[PlyCount "61"]
[EventDate "2005.08.27"]
[EventType "swiss"]
[EventRounds "10"]
[EventCountry "ESP"]
[Source "lmi"]
[SourceDate "2005.08.30"]

1. d4 Nf6 2. Nf3 c5 3. d5 b5 4. Bg5 Ne4 5. e3 Qa5+ 6. Nbd2 g6 7. a4 bxa4 8. c3
Nxd2 9. Nxd2 d6 10. Nc4 Qc7 11. Qxa4+ Nd7 12. Qc6 Qb7 13. Be2 f6 14. Bf4 Kf7
15. O-O Rb8 16. Qxb7 Rxb7 17. e4 h5 18. Ra2 Bh6 19. Bxh6 Rxh6 20. Rfa1 Ne5 21.
Na5 Rb6 22. f4 Nd7 23. Nc4 Rb7 24. Rxa7 Rh8 25. Bd1 Rd8 26. Rxb7 Bxb7 27. Ra7
Rb8 28. Ba4 Nf8 29. Bc6 Bxc6 30. dxc6 Ke8 31. c7 1-0

[Event "7. Open de Sants Hostafrancs"]
[Site "Barcelona ESP"]
[Date "2005.08.28"]
[Round "3.12"]
[White "Canal Oliveras, Joan"]
[Black "Borges Mateos, Juan"]
[Result "0-1"]
[WhiteElo "2274"]
[BlackElo "2467"]
[PlyCount "60"]
[EventDate "2005.08.27"]
[EventType "swiss"]
[EventRounds "10"]
[EventCountry "ESP"]
[Source "lmi"]
[SourceDate "2005.08.30"]

1. e4 e6 2. d4 d5 3. Nc3 Nf6 4. Bg5 dxe4 5. Bxf6 Qxf6 6. Nxe4 Qe7 7. Qd2 g6 8.
Nf3 Bg7 9. O-O-O Nd7 10. Bd3 O-O 11. h4 h6 12. c3 b6 13. h5 g5 14. Nfxg5 hxg5
15. h6 Bf6 16. f4 g4 17. Qe2 Bb7 18. Qxg4+ Kh8 19. Qe2 c5 20. Bc2 cxd4 21. g4
dxc3 22. Rh3 Rac8 23. g5 Qb4 24. bxc3 Qa3+ 25. Kb1 Ba6 26. g6 fxg6 27. Qg4 Bc4
28. Bb3 Bxb3 29. axb3 Qxb3+ 30. Kc1 Bxc3 0-1

[Event "7. Open de Sants Hostafrancs"]
[Site "Barcelona ESP"]
[Date "2005.08.28"]
[Round "3.13"]
[White "Almeida, Omar"]
[Black "Hernandez Casillas, Joan Josep"]
[Result "1-0"]
[WhiteElo "2462"]
[BlackElo "2200"]
[PlyCount "69"]
[EventDate "2005.08.27"]
[EventType "swiss"]
[EventRounds "10"]
[EventCountry "ESP"]
[Source "lmi"]
[SourceDate "2005.08.30"]

1. d4 d5 2. Nf3 Nf6 3. c4 e6 4. Nc3 Be7 5. Bg5 O-O 6. e3 b6 7. cxd5 Nxd5 8.
Bxe7 Qxe7 9. e4 Nxc3 10. bxc3 Bb7 11. Bd3 c5 12. O-O Nc6 13. d5 exd5 14. exd5
Na5 15. c4 Bc8 16. Qc2 h6 17. Rae1 Qf6 18. Ne5 Nb7 19. f4 Nd6 20. g4 a6 21. Qf2
b5 22. Qxc5 Nxc4 23. Bh7+ Kxh7 24. Qxf8 Bb7 25. Qxf7 Qxf7 26. Nxf7 Bxd5 27. Ne5
Nxe5 28. Rxe5 Bxa2 29. Rd1 Bc4 30. Rd7 a5 31. Ree7 Rg8 32. Ra7 a4 33. f5 Bb3
34. Reb7 Bc4 35. Kf2 1-0

[Event "7. Open de Sants Hostafrancs"]
[Site "Barcelona ESP"]
[Date "2005.08.28"]
[Round "3.14"]
[White "Leiva Velasco, David"]
[Black "Handke, Florian"]
[Result "0-1"]
[WhiteElo "2203"]
[BlackElo "2460"]
[PlyCount "58"]
[EventDate "2005.08.27"]
[EventType "swiss"]
[EventRounds "10"]
[EventCountry "ESP"]
[Source "lmi"]
[SourceDate "2005.08.30"]

1. e4 c5 2. Nf3 e6 3. d4 cxd4 4. Nxd4 a6 5. c4 Qc7 6. Nc3 Bb4 7. Bd3 Nf6 8. O-O
d6 9. Be3 Bxc3 10. bxc3 Nbd7 11. Nb3 b6 12. f4 Bb7 13. Qc2 Rc8 14. Rae1 e5 15.
f5 O-O 16. h3 Qc6 17. Bg5 b5 18. cxb5 axb5 19. Kh1 Ba6 20. Rc1 d5 21. exd5 Qxd5
22. Rfd1 e4 23. Be2 Qxf5 24. Be3 Qg6 25. Nd4 Nd5 26. Qd2 Ne5 27. Nxb5 Rcd8 28.
c4 Nf4 29. Bh5 Rxd2 0-1